000 00588nam a2200205 a 4500
001 19903
003 CO-ViMGA
008 141112s2004 ck r 000 u spa d
020 _a9582006587
040 _aCO-ViMGA
_bspa
_cCO-ViMGA
082 0 4 _a616.945 S235q
100 1 _aSchenker, Inom; Nyirenda, Jenny
_928899
245 1 0 _aPrevencion del VIH/SIDA en las escuelas
260 _aBogotá :
_bMagisterio,
_c2002
300 _a63 p.
490 _aPrácticas educativas, 9
590 _aForma de adquisición : Premio Mincultura
650 1 4 _aSIDA - PREVENCION
_917155
942 _2ddc
_cBK
999 _c29026
_d29026